Basic Words - J - Statistics

General Stats
  • This quiz has been taken 38 times
  • The average score is 10 of 10
Answer Stats
Hint Answer % Correct
Large cat from the Amazon Jaguar
100%
Pants made of denim Jeans
100%
A plane that flies really fast Jet
100%
Liquid made from fruit Juice
100%
Dessert that shakes slightly when moved Jelly
97%
The name of this website JetPunk
97%
To push yourself off a surface and into the air Jump
97%
Dense biome full of trees Jungle
94%
Paste made of fruit that is spread on bread Jam
88%
Sea creature with venomous stingers Jellyfish
85%
No matching quizzes found
Score Distribution
Percent of People with Each Score
Percentile by Number Answered
Your Score History
You have not taken this quiz